000 00460nam a2200181Ia 4500
005 20250923144323.0
008 008 250917s9999 xx 000 0 eng d
037 _aTextual
040 _aDSWL
_beng
_cDSWL
041 _aeng
_2eng
084 _qDSWL
100 _aMarx, Karl
_9823639
245 0 _aSelected works
_cby Karl Marx
260 _aMoscow FLPH
_bFLPH
_c1946
300 _a447 p.
942 _cTEXL
999 _c1437413
_d1437413